Hướng dẫn bài bản tối ưu hóa website dành cho doanh nghiệp : Xây dựng một trang web có hiệu suất cao

Sách trình bày những kinh nghiệm xây dựng một trang web có hiệu suất cao, phương pháp đạt thứ hạng cao nhất trên toản bộ công cụ tìm kiếm, tăng lưu lượng truy cập chất lượng từ địa phương, mạng xã hội và người dùng điện thoại,......

Description complète

Enregistré dans:
Détails bibliographiques
Auteur principal: Rognerud, Jon
Autres auteurs: Hoàng Anh (Dịch)
Format: Livre
Langue:Vietnamese
Publié: H. Hồng Đức 2020
Collection:Ultimate guide series
Sujets:
Tags: Ajouter un tag
Pas de tags, Soyez le premier à ajouter un tag!
Thư viện lưu trữ: Thư viện Trường Đại học Nam Cần Thơ
LEADER 01588nam a22002417a 4500
001 NCT_4_009838
008 240617b xxu||||| |||| 00| 0 vie d
999 |c 8435  |d 8435 
020 |a 9786049953064 
082 0 4 |2 23rd ed.  |a 006.7  |b R721 
100 1 |a Rognerud, Jon 
245 1 0 |a Hướng dẫn bài bản tối ưu hóa website dành cho doanh nghiệp :  |b Xây dựng một trang web có hiệu suất cao  |c Jon Rognerud; Hoàng Anh (dịch) 
260 |a H.  |b Hồng Đức  |c 2020 
300 |a 479 tr.  |c 24cm 
490 0 |a Ultimate guide series 
520 3 |a Sách trình bày những kinh nghiệm xây dựng một trang web có hiệu suất cao, phương pháp đạt thứ hạng cao nhất trên toản bộ công cụ tìm kiếm, tăng lưu lượng truy cập chất lượng từ địa phương, mạng xã hội và người dùng điện thoại,... 
653 |a Công nghệ thông tin 
700 0 |a Hoàng Anh  |e Dịch 
942 |2 ddc  |c BK 
952 |0 0  |1 0  |2 ddc  |4 0  |6 006_700000000000000_R721  |7 0  |9 29103  |a 000001  |b 000001  |d 2024-06-17  |o 006.7 R721  |p MD.22575  |r 2024-06-17  |v 210000.00  |w 2024-06-17  |y BK 
952 |0 0  |1 0  |2 ddc  |4 0  |6 006_700000000000000_R721  |7 0  |9 29104  |a 000001  |b 000001  |d 2024-06-17  |l 1  |o 006.7 R721  |p MD.22576  |q 2025-12-13  |r 2025-11-29  |s 2025-11-29  |v 210000.00  |w 2024-06-17  |y BK 
952 |0 0  |1 0  |2 ddc  |4 0  |6 006_700000000000000_R721  |7 0  |9 29105  |a 000001  |b 000001  |d 2024-06-17  |o 006.7 R721  |p MD.22577  |r 2024-06-17  |v 210000.00  |w 2024-06-17  |y BK 
980 |a Thư viện Trường Đại học Nam Cần Thơ